000 00648nam a2200241 a 4500
001 28743
003 CO-ViMGA
005 20260220002910.0
008 141112s2004 ck r 000 u spa d
020 _a9588061830
020 _a9789588061832
040 _aCO-ViMGA
_bspa
_cCO-ViMGA
082 0 4 _a863.6 S437ch
100 1 _aSierra i Fabra, Jordi
245 1 0 _aLas chicas de alambre
300 _a220 p.
490 _aAlfaguara Juvenil
590 _aForma de adquisición : Premio Mincultura
650 1 4 _aMODELOS - LITERATURA
_969077
650 1 4 _aMUJERES - NOVELA
_915324
650 1 4 _aNOVELA JUVENIL ESPAÑOLA
_91056
942 _2ddc
_cBK
999 _c28743
_d28743